Statistics for Harry Potter hahmojen sukunimet

Click here to take the quiz!

General Stats

  • This quiz has been taken 135 times
  • The average score is 22 of 28

Answer Stats

Etunimi Sukunimi % Correct
HarryPotter
100%
HermioneGranger
99%
DracoMalfoy
96%
RonWeasley
95%
AlbusDumbledore
94%
SeverusKalkaros
94%
SiriusMusta
92%
RubeusHagrid
87%
NevilleLongbottom
86%
MinervaMcGarmiwa
86%
LunaLovekiva
83%
RemusLupin
81%
BellatrixLestrange
79%
SalazarLuihuinen
78%
DoloresPimento
78%
RowenaKorpinkynsi
77%
DudleyDursley
76%
ViktorKrum
76%
GodrickRohkelikko
76%
CorneliusToffee
75%
ChoChang
75%
GilderoyLockhart
74%
HelgaPuuskupuh
73%
AlastorVauhkomieli
71%
NymfadoraTonks
67%
CedricDiggory
67%
RitaLuodiko
62%
FiliusLipetit
37%

Score Distribution

Percentile by Number Answered

Percent of People with Each Score

Your Score History

You have not taken this quiz